|
|
|
|
| LEADER |
01610nam a2200313 a 4500 |
| 001 |
7992 |
| 003 |
BD-DhAAL |
| 005 |
20151119114020.0 |
| 008 |
100809s2008 bg 001 0 beno |
| 010 |
|
|
|a 2010309352
|
| 020 |
|
|
|a 9840746995
|
| 040 |
|
|
|a DLC
|c DLC
|d DLC
|d BD-DhAAL
|
| 050 |
0 |
0 |
|a DS395.5
|b .B3526 2008
|
| 082 |
|
|
|a 954.92
|
| 245 |
0 |
0 |
|a বাংলাদেশের মক্তিযুদ্ধ, পত্রিকাপঞ্জি /
|c [saṃkalana o sampādanā], কুতুব আজাদ, সাহেদ মন্তাজ.
|
| 246 |
1 |
|
|i Title on t.p. verso:
|a Bangladesher muktiyuddha, patrikapanji
|
| 246 |
1 |
|
|i Parallel title on t.p. verso:
|a Liberation war of Bangladesh as reflected on newspapers
|
| 260 |
|
|
|a ঢাকা :
|b বাংলা একাডেমী ঢাকা,
|c ২০০৮.
|
| 300 |
|
|
|a ২৩৮ পৃ. ;
|c ২২ সে.মি.
|
| 520 |
|
|
|a Index to articles on the liberation war of Bangladesh as reflected in 1971, in contemporary English newspapers published from various countries of the world.
|
| 541 |
|
|
|e 7992
|
| 546 |
|
|
|a Bengali and English.
|
| 651 |
|
0 |
|a Bangladesh
|x History
|y Revolution, 1971
|x Press coverage
|v Indexes.
|9 16373
|
| 651 |
|
0 |
|a Bangladesh
|x History
|y Revolution, 1971
|x Foreign public opinion.
|9 6919
|
| 700 |
1 |
|
|a আজাদ, কুতুব
|d 1973-
|9 16374
|
| 700 |
1 |
|
|a মন্তাজ, সাহেদ
|d 1973-
|9 16375
|
| 942 |
|
|
|2 ddc
|c BK
|
| 999 |
|
|
|c 36241
|d 36241
|
| 952 |
|
|
|0 0
|1 0
|2 ddc
|4 0
|6 954_920000000000000_BAN
|7 0
|9 56982
|a SCL
|b SCL
|c GEN
|d 2015-11-19
|g 91.00
|l 3
|m 2
|o 954.92 BAN
|p 3020007992
|r 2025-03-10
|s 2025-02-24
|t 1
|w 2015-11-19
|y BK
|